Nerovnosti v zdravotníctve v európskych OECD krajinách

Rozdiely medzi zdrojmi systémov zdravotníctva a zdravotným stavom obyvateľstva. Zdravotný systém a účinky na zdravie obyvateľstva. Analýza a porovnávanie nerovností zdravotníckych systémov postkomunistických a západných krajín Európy.

Gespeichert in:
Bibliographische Detailangaben
1. Verfasser: Prędkiewicz, Paweł
Weitere Verfasser: Prędkiewicz, Katarzyna
Format: Buchkapitel
Sprache:Englisch
Schlagworte:
Tags: Tag hinzufügen
Keine Tags, Fügen Sie das erste Tag hinzu!

MARC

LEADER 00000nla a2200000 4500
001 0185119
005 20221020090047.3
041 0 |a eng 
044 |a SK 
245 1 0 |a Nerovnosti v zdravotníctve v európskych OECD krajinách  |c Paweł Prędkiewicz, Katarzyna Prędkiewicz 
520 |a Rozdiely medzi zdrojmi systémov zdravotníctva a zdravotným stavom obyvateľstva. Zdravotný systém a účinky na zdravie obyvateľstva. Analýza a porovnávanie nerovností zdravotníckych systémov postkomunistických a západných krajín Európy. 
610 2 0 |a Európa 
610 2 0 |a zdravotníctvo 
610 2 0 |a financovanie 
610 2 0 |a služby zdravotnícke 
610 2 0 |a porovnanie medzinárodné 
610 2 0 |a OECD 
100 1 |a Prędkiewicz, Paweł 
700 1 |a Prędkiewicz, Katarzyna